1531 1914 1996 1639 1409 1507 1052 1212 1909 1516 1691 1411 1776 1381 1696 1313 1320 1079 1330 1885 1914 1698 1058 1838 1025 1463 1445 1219 1276 1002 1501 1200 1543 1137 1998 1612 1412 1878 1219 1438 1068 1962 1776 1736 1781 1024 1052 1102 1503 1468 1260 1411 1389 1143 1003 1854 1482 1587 1996 1309 1059 1057 1558 1708 1398 1562 1254 1330 1262 1251 1054 1338 1919 1795 1247 1690 1438 1418 1907 1057 1301 1963 1593 1198 1766 1120 1554 1356 1383 1387 1254 1937 1825 1689 1481 1035 1365 1337 1291 BCNSPRNW ULIB Ver.6.0+V

เปลี่ยนเป็นภาษาไทย

Change to English
 แสดงรายละเอียดบรรณานุกรม
  กลับหน้าหลัก

Brief Record : Get Marc (ISO 2709) : E-mail record : QR code < ปิดหน้าต่าง
LEADER : 00000nam 2200000uu 4500
001    13399123820
003     ULIB
008    141202s2555||||th 000 0 tha d
020    ^a9786161114480
060 04 ^aWW600^bต367
110 1  ^aมหาวิทยาลัยธรรมศาสตร์. ^bคณะแพทยศาสตร์. ^bภาควิชาจักษุวิทยา
245 00 ^aตำราโรคตาในเด็ก /^cบรรณาธิการ, ศักดิ์ชัย วงศกิตติรักษ์
250    ^aพิมพ์ครั้งที่ 1
260    ^aกรุงเทพฯ :^bภาควิชาจักษุวิทยา คณะแพทยศาสตร์ มหาวิทยาลัยธรรมศาสตร์,^c2555
300    ^a(16), 208 หน้า :^bภาพประกอบ ;^c27 ซม.
650  4 ^aตา, โรค^xในวัยทารกและวัยเด็ก
650  4 ^aจักษุวิทยาเด็ก
650  4 ^aสายตาผิดปกติในเด็ก
700 0  ^aศักดิ์ชัย วงศกิตติรักษ์,^eบรรณาธิการ
945    ^p450^l0^i22236
945    ^p450^l0^i22237
999    ^aทศพร เกษรทอง
รายการนี้ยังไม่มีแท็ก
คุณยังไม่ได้ล็อกอิน คุณสามารถมีกิจกรรมร่วมกับเว็บไซต์ได้ แต่ต้องล็อกอินก่อน ::
  ล็อกอิน

รายการสื่อสารสนเทศ

ลำดับที่ ประเภท เลขเรียก/บาร์โค้ด สถานที่ สถานะ
1. วิทยาศาสตร์การแพทย์ และสุขภาพ
วิทยาศาสตร์การแพทย์ และสุขภาพ
สถานะ=หนังสือเก่า
WW600 ต367 ฉ.1 
  Barcode: 22236
ห้องสมุดวิทยาเขตนครสวรรค์
►ส่วนจัดเก็บหนังสือเก่า นว.
บนชั้น
  ขอยืม
2. วิทยาศาสตร์การแพทย์ และสุขภาพ
วิทยาศาสตร์การแพทย์ และสุขภาพ
สถานะ=หนังสือเก่า
WW600 ต367 ฉ.2 
  Barcode: 22237
ห้องสมุดวิทยาเขตนครสวรรค์
►ส่วนจัดเก็บหนังสือเก่า นว.
บนชั้น
  ขอยืม

รายการใกล้เคียง
    หัวเรื่อง [จักษุวิทยาเด็ก]
    หัวเรื่อง [สายตาผิดปกติในเด็ก]

BibComment


ยังไม่เคยถูกคอมเมนท์

คอมเมนท์ทรัพยากรรายการนี้
  คอมเมนท์: ตำราโรคตาในเด็ก ..


 Copyright 2026. Bcnsprnw @Library